Normal view
MARC view
- Childs, Thomas
Entry Personal Name
001 - CONTROL NUMBER
- control field: 86780
003 - CONTROL NUMBER IDENTIFIER
- control field: NUST
005 - DATE AND TIME OF LATEST TRANSACTION
- control field: 20211216150001.0
008 - FIXED-LENGTH DATA ELEMENTS
- fixed length control field: 211216|| aca||aabn | a|a d
040 ## - CATALOGING SOURCE
- Original cataloging agency: NUST
- Transcribing agency: NUST
100 ## - HEADING--PERSONAL NAME
- Personal name: Childs, Thomas
- Fuller form of name: (Thomas H. C.)
670 ## - SOURCE DATA FOUND
- Source citation: Work cat.: (NUST)32461: Metal machining :, 2000.
